Failure of RAAC planks in schools (Record no. 121656)

MARC details
000 -LEADER
fixed length control field 01276nam a2200229zu 4500
007 - PHYSICAL DESCRIPTION FIXED FIELD--GENERAL INFORMATION
fixed length control field ta
008 - FIXED-LENGTH DATA ELEMENTS--GENERAL INFORMATION
fixed length control field 230901s2020 xxk||||| |||| 00| 0 eng d
041 ## - LANGUAGE CODE
Language code of text/sound track or separate title eng
110 ## - MAIN ENTRY--CORPORATE NAME
9 (RLIN) 6334
Corporate author Collaborative Reporting for Safer Structures UK (CROSS-UK)
245 ## - TITLE STATEMENT
Title Failure of RAAC planks in schools
260 ## - PUBLICATION INFORMATION
Publisher CROSS-UK
Date April 2020
520 ## - ABSTRACT
Abstract Having read the Standing Committee on Structural Safety (SCOSS) May 2019 Alert on Failure of RAAC Planks, a structural engineer contacted CROSS to share their experience of working on projects with reinforced autoclaved aerated concrete (RAAC) planks. In 2017, they were asked to investigate an RAAC roof which had collapsed in a school. Luckily, there was no one in the classroom at the time of the collapse. This report summarises the learning outcomes.
650 ## - KEYWORDS
Keywords BUILDING DEFECTS
650 ## - KEYWORDS
Keywords CONCRETE
650 ## - KEYWORDS
Keywords EDUCATION BUILDINGS
650 ## - KEYWORDS
Keywords REINFORCED AUTOCLAVED AERATED CONCRETE
650 ## - KEYWORDS
Keywords SCHOOLS
651 ## - SUBJECT ADDED ENTRY--GEOGRAPHIC NAME
Geographic name United Kingdom
690 ## - LOCAL SUBJECT ADDED ENTRY--TOPICAL TERM (OCLC, RLIN)
9 (RLIN) 6223
Topical term or geographic name as entry element Building materials & defects
710 ## - ADDED CORPORATE NAME
9 (RLIN) 6334
Added corporate author Collaborative Reporting for Safer Structures UK (CROSS-UK)
856 ## - ONLINE RESOURCE
Uniform Resource Identifier https://www.cross-safety.org/uk/safety-information/cross-safety-report/failure-raac-planks-schools-908?report=12756
Public note Available from CROSS
Holdings
Withdrawn status Lost status Damaged status Koha normalized classification for sorting Not for loan Home library Current library Shelving location Date acquired Total Checkouts Full call number Date last seen Price effective from Koha item type
      ONLINE_PUBLICATION   Virtual Virtual Online 01/09/2023   ONLINE PUBLICATION 01/09/2023 01/09/2023 Online material